[Event "22nd Hoogeveen Open 2018"]
[Site "Hoogeveen"]
[Date "2018.10.23"]
[Round "5"]
[White "Bleeker, Kasper"]
[Black "De Vries, Emma"]
[Result "0-1"]
[WhiteElo "1891"]
[BlackElo "1905"]
[Annotator "NA"]
[PlyCount "70"]
[EventDate "2018.10.20"]
[EventType "swiss"]
[EventCountry "NED"]
[SourceTitle "playchess.com"]
[Source "ChessBase"]
[SourceQuality "1"]
[TimeControl "40/5400+30:1800+30"]

1. e4 {[%emt 0:00:00]} e6 {[%emt 0:00:00]} 2. d4 {[%emt 0:00:00]} d5 {[%emt 0:00:00]} 3. Bd3 {[%emt 0:00:00]} c5 {[%emt 0:00:00]} 4. exd5 {[%emt 0:00:00]} exd5 {[%emt 0:00:00]} 5. Nf3 {[%emt 0:00:02]} Nf6 {[%emt 0:00:00]} 6. O-O {[%emt 0:00:10]} Be7 {[%emt 0:00:11]} 7. dxc5 {[%emt 0:00:05]} Bxc5 {[%emt 0:00:39]} 8. Nbd2 {[%emt 0:00:15]} O-O {[%emt 0:01:11] LiveBook: 40 Games} 9. Nb3 {[%emt 0:00:31]} Bd6 {[%emt 0:01:37]} 10. h3 {[%emt 0:01:39]} Nc6 {[%emt 0:04:44]} 11. Bg5 {[%emt 0:01:24]} h6 {[%emt 0:04:47]} 12. Bh4 $11 {[%emt 0:09:22]} Nb4 {[%emt 0:06:02]} 13. Nbd4 {[%emt 0:04:37]} Nxd3 {[%emt 0:03:00]} 14. Qxd3 {[%emt 0:01:19]} Bd7 {[%emt 0:26:09]} 15. Rae1 {[%emt 0:02:00]} Be7 {[%emt 0:09:17]} 16. Re5 {[%emt 0:05:18]} Bc6 {[%emt 0:04:47]} 17. Rfe1 {[%emt 0:01:32]} Bd6 {[%emt 0:02:52]} 18. Rf5 {[%emt 0:05:41]} Be7 {[%emt 0:02:18]} 19. Ne5 {[%emt 0:16:52]} Qc7 {[%emt 0:07:44]} 20. Ng4 {[%emt 0:33:48]} Nxg4 {[%emt 0:11:24]} 21. Bxe7 {[%emt 0:11:05]} Qh2+ {[%emt 0:01:57]} 22. Kf1 {[%emt 0:00:05]} Rae8 {[%emt 0:01:28]} 23. Qa3 {[%emt 0:03:30]} g6 {[%emt 0:05:31]} 24. Rf3 {[%emt 0:00:55]} Ne5 {[%emt 0:02:02]} 25. Rg3 {[%emt 0:00:52]} Nc4 {[%emt 0:00:40]} 26. Qb4 {[%emt 0:01:23]} a5 {[%emt 0:00:30]} 27. Qc5 {[%emt 0:00:26]} b6 {[%emt 0:00:24]} 28. Qxc6 {[%emt 0:00:44]} Qh1+ {[%emt 0:00:30]} 29. Ke2 {[%emt 0:00:00]} Rxe7+ {[%emt 0:00:07]} 30. Kd3 {[%emt 0:00:08]} Qxe1 {[%emt 0:01:11]} 31. Rxg6+ {[%emt 0:01:03]} fxg6 {[%emt 0:00:10]} 32. Qxd5+ {[%emt 0:00:09]} Kg7 {[%emt 0:00:57]} 33. Kxc4 {[%emt 0:00:32]} Qe4 {[%emt 0:01:43]} 34. Qd6 {[%emt 0:00:33]} Rff7 {[%emt 0:00:50]} 35. Kb3 {[%emt 0:00:20]} Qe5 {[%emt 0:00:55]} 0-1

[Event "22nd Hoogeveen Open 2018"]
[Site "Hoogeveen"]
[Date "2018.10.23"]
[Round "5"]
[White "Kutchoukov, Daniel"]
[Black "Hoffman, Ron"]
[Result "1/2-1/2"]
[WhiteElo "1882"]
[BlackElo "2060"]
[Annotator "NA"]
[PlyCount "82"]
[EventDate "2018.10.20"]
[EventType "swiss"]
[EventCountry "NED"]
[SourceTitle "playchess.com"]
[Source "ChessBase"]
[SourceQuality "1"]
[TimeControl "40/5400+30:1800+30"]

1. e4 {[%emt 0:00:00]} Nc6 {[%emt 0:00:00]} 2. Nf3 {[%emt 0:00:04]} d6 {[%emt 0:00:10]} 3. d4 {[%emt 0:00:22]} Nf6 {[%emt 0:02:34]} 4. d5 {[%emt 0:02:56]} Nb8 {[%emt 0:00:31]} 5. Bd3 {[%emt 0:03:32]} g6 {[%emt 0:00:44]} 6. c4 {[%emt 0:07:02]} Bg7 {[%emt 0:03:15]} 7. Nc3 {[%emt 0:03:19]} O-O {[%emt 0:00:29] LiveBook: 4 Games} 8. h3 {[%emt 0:09:39]} a5 {[%emt 0:03:54]} 9. Be3 {[%emt 0:00:59]} Na6 {[%emt 0:05:59]} 10. O-O $14 {[%emt 0:06:54]} Nc5 {[%emt 0:05:18]} 11. Bxc5 {[%emt 0:16:38]} dxc5 {[%emt 0:00:35]} 12. e5 {[%emt 0:00:19]} Ne8 {[%emt 0:15:19]} 13. Qe2 {[%emt 0:17:56]} e6 {[%emt 0:12:41]} 14. Rad1 {[%emt 0:03:01]} Qe7 {[%emt 0:02:16]} 15. Rfe1 {[%emt 0:04:43]} b6 {[%emt 0:02:47]} 16. Nd2 {[%emt 0:16:20]} Bb7 {[%emt 0:02:48]} 17. f4 {[%emt 0:00:56]} Qh4 {[%emt 0:13:16]} 18. Qe3 {[%emt 0:02:58]} Bh6 {[%emt 0:02:43]} 19. g3 {[%emt 0:01:13]} Qe7 {[%emt 0:02:53]} 20. Nf3 {[%emt 0:00:34]} Rd8 {[%emt 0:01:15]} 21. Be4 {[%emt 0:00:18]} Ba8 {[%emt 0:01:08]} 22. g4 {[%emt 0:00:23]} Bg7 {[%emt 0:07:46]} 23. Kf2 {[%emt 0:00:30]} f6 {[%emt 0:02:18]} 24. dxe6 {[%emt 0:00:47]} Rxd1 {[%emt 0:01:00]} 25. Rxd1 {[%emt 0:00:17]} Bxe4 {[%emt 0:00:18]} 26. Qxe4 {[%emt 0:00:32]} fxe5 {[%emt 0:01:02]} 27. Nxe5 {[%emt 0:00:46]} Qxe6 {[%emt 0:03:07]} 28. Nd3 {[%emt 0:00:29]} Qxe4 {[%emt 0:04:19]} 29. Nxe4 {[%emt 0:00:01]} Nf6 {[%emt 0:00:05]} 30. Ng5 {[%emt 0:00:51]} Rd8 {[%emt 0:01:00]} 31. Ne6 {[%emt 0:00:37]} Rd7 {[%emt 0:00:01]} 32. Nxg7 {[%emt 0:00:32]} Kxg7 {[%emt 0:00:02]} 33. Ke2 {[%emt 0:00:19]} Rd4 {[%emt 0:00:20]} 34. b3 {[%emt 0:00:35]} Ne4 {[%emt 0:00:45]} 35. Rc1 {[%emt 0:00:33]} Kf6 {[%emt 0:01:20]} 36. Rc2 {[%emt 0:00:25]} h5 {[%emt 0:00:44]} 37. Ke3 {[%emt 0:00:37]} Nd6 {[%emt 0:02:00]} 38. Ne5 {[%emt 0:00:30]} g5 {[%emt 0:00:45]} 39. Nd3 {[%emt 0:00:30]} hxg4 {[%emt 0:01:12]} 40. hxg4 {[%emt 0:00:10]} Re4+ {[%emt 0:00:49]} 41. Kf3 {[%emt 0:30:26]} Rd4 {[%emt 0:03:48] Ke4 [%emt 00:24:58] Ke5+ [%emt 00:00:01]} 1/2-1/2

[Event "22nd Hoogeveen Open 2018"]
[Site "Hoogeveen"]
[Date "2018.10.23"]
[Round "5"]
[White "Husers, Yannic"]
[Black "Biermann, Lenhard"]
[Result "0-1"]
[WhiteElo "1866"]
[BlackElo "2153"]
[Annotator "NA"]
[PlyCount "58"]
[EventDate "2018.10.20"]
[EventType "swiss"]
[EventCountry "NED"]
[SourceTitle "playchess.com"]
[Source "ChessBase"]
[SourceQuality "1"]
[TimeControl "40/5400+30:1800+30"]

1. e4 {[%emt 0:00:00]} e6 {[%emt 0:00:00]} 2. d4 {[%emt 0:00:00]} d5 {[%emt 0:00:00]} 3. Nd2 {[%emt 0:00:00]} h6 {[%emt 0:00:00]} 4. Bd3 {[%emt 0:01:53]} c5 {[%emt 0:00:44]} 5. c3 {[%emt 0:00:30]} cxd4 {[%emt 0:01:14]} 6. cxd4 {[%emt 0:00:08]} dxe4 {[%emt 0:00:06]} 7. Nxe4 {[%emt 0:00:16]} Bb4+ {[%emt 0:00:06]} 8. Nc3 {[%emt 0:01:35]} Nc6 {[%emt 0:00:20]} 9. Nge2 {[%emt 0:01:14]} Nf6 {[%emt 0:00:52]} 10. O-O {[%emt 0:01:03]} O-O {[%emt 0:00:41]} 11. a3 {[%emt 0:06:06]} Be7 {[%emt 0:04:13]} 12. b4 {[%emt 0:05:09]} b6 {[%emt 0:03:27]} 13. Ra2 {[%emt 0:06:05]} Nd5 {[%emt 0:16:01]} (13... Bb7 $15) 14. Ne4 {[%emt 0:11:01]} Bb7 {[%emt 0:09:26]} 15. Bb1 $15 {[%emt 0:14:00]} f5 {[%emt 0:07:05]} 16. N4g3 {[%emt 0:00:50]} Nc7 {[%emt 0:08:17]} 17. Qd3 {[%emt 0:05:56]} Qd5 {[%emt 0:10:54]} 18. Rd2 {[%emt 0:12:14]} Nxb4 {[%emt 0:10:18]} 19. Nf4 {[%emt 0:01:47]} Nxd3 {[%emt 0:00:21]} 20. Nxd5 {[%emt 0:00:12]} Nxd5 {[%emt 0:00:20]} 21. Bxd3 {[%emt 0:00:24]} Nf4 {[%emt 0:06:35]} 22. Bc4 {[%emt 0:01:51]} Nxg2 {[%emt 0:04:23]} 23. Bxe6+ {[%emt 0:00:36]} Kh8 {[%emt 0:00:07]} 24. Nxf5 {[%emt 0:00:49]} Bg5 {[%emt 0:04:09]} 25. Rdd1 {[%emt 0:05:28]} Bxc1 {[%emt 0:00:42]} 26. Rxc1 {[%emt 0:00:09]} Nf4 {[%emt 0:00:57]} 27. d5 {[%emt 0:02:51]} Nxe6 {[%emt 0:00:26]} 28. Ne7 {[%emt 0:01:22]} Nf4 {[%emt 0:02:23]} 29. Rc7 {[%emt 0:00:18]} Bxd5 {[%emt 0:01:03]} 0-1

[Event "22nd Hoogeveen Open 2018"]
[Site "Hoogeveen"]
[Date "2018.10.23"]
[Round "5"]
[White "Brands, Kevin"]
[Black "Verhoef, Pieter"]
[Result "1/2-1/2"]
[WhiteElo "1862"]
[BlackElo "2058"]
[Annotator "NA"]
[PlyCount "134"]
[EventDate "2018.10.20"]
[EventType "swiss"]
[EventCountry "NED"]
[SourceTitle "playchess.com"]
[Source "ChessBase"]
[SourceQuality "1"]
[TimeControl "40/5400+30:1800+30"]

1. e4 {[%emt 0:00:00]} c5 {[%emt 0:00:00]} 2. Nf3 {[%emt 0:00:00]} d6 {[%emt 0:00:00]} 3. d4 {[%emt 0:00:00]} cxd4 {[%emt 0:00:00]} 4. Nxd4 {[%emt 0:00:00]} Nf6 {[%emt 0:00:00]} 5. Nc3 {[%emt 0:00:00]} a6 {[%emt 0:00:00]} 6. Be3 {[%emt 0:00:00]} e5 {[%emt 0:00:03]} 7. Nb3 {[%emt 0:00:00]} Be6 {[%emt 0:00:06]} 8. f3 {[%emt 0:00:02]} Be7 {[%emt 0:00:09]} 9. Qd2 {[%emt 0:00:03]} h5 {[%emt 0:00:06]} 10. Nd5 {[%emt 0:01:05]} Nxd5 {[%emt 0:00:09]} 11. exd5 {[%emt 0:00:02]} Bf5 {[%emt 0:00:10]} 12. c4 {[%emt 0:04:39]} Nd7 {[%emt 0:00:25]} 13. Bd3 {[%emt 0:10:18]} Bxd3 {[%emt 0:03:28]} 14. Qxd3 {[%emt 0:00:05]} Bh4+ {[%emt 0:00:07]} 15. Bf2 {[%emt 0:05:43]} Bxf2+ {[%emt 0:00:29]} 16. Kxf2 {[%emt 0:00:05]} Rc8 {[%emt 0:00:46]} 17. Rac1 {[%emt 0:00:43]} Qh4+ {[%emt 0:09:01]} 18. g3 {[%emt 0:00:59]} Qf6 $11 {[%emt 0:00:17]} 19. Nd2 {[%emt 0:08:14]} Nc5 {[%emt 0:03:41]} 20. Qe3 {[%emt 0:00:50]} a5 {[%emt 0:00:28]} 21. Ne4 {[%emt 0:00:22]} Nxe4+ {[%emt 0:00:23]} 22. Qxe4 {[%emt 0:00:04]} O-O {[%emt 0:04:43]} 23. Rhg1 {[%emt 0:09:06]} Qe7 {[%emt 0:02:28]} 24. b3 {[%emt 0:14:55]} f5 {[%emt 0:01:36]} 25. Qh4 {[%emt 0:00:11]} Qxh4 {[%emt 0:08:27]} 26. gxh4 {[%emt 0:00:29]} Kf7 {[%emt 0:00:07]} 27. Ke3 {[%emt 0:03:36]} g6 {[%emt 0:00:20]} 28. f4 {[%emt 0:02:21]} Rfe8 {[%emt 0:00:35]} 29. Rce1 {[%emt 0:02:31]} a4 {[%emt 0:02:52]} 30. fxe5 {[%emt 0:05:38]} Rxe5+ {[%emt 0:00:14]} 31. Kf2 {[%emt 0:03:20]} Kf6 {[%emt 0:05:38]} 32. Rxe5 {[%emt 0:02:04]} dxe5 {[%emt 0:00:07]} 33. Rc1 {[%emt 0:02:07]} e4 {[%emt 0:01:01]} 34. c5 {[%emt 0:02:58]} Ke5 {[%emt 0:00:55]} 35. d6 {[%emt 0:00:50]} axb3 {[%emt 0:06:29]} 36. axb3 {[%emt 0:00:03]} Ra8 {[%emt 0:02:15]} 37. Rd1 {[%emt 0:05:07]} Ke6 {[%emt 0:00:52]} 38. Rd2 {[%emt 0:00:55]} Kd7 {[%emt 0:00:52]} 39. b4 {[%emt 0:02:10]} Ra3 {[%emt 0:01:58]} 40. Rc2 {[%emt 0:02:13]} Rb3 {[%emt 0:01:30]} 41. Rc4 {[%emt 0:31:15]} Ra3 {[%emt 0:39:48]} 42. b5 {[%emt 0:07:58]} Ra8 {[%emt 0:02:23]} 43. Ke3 {[%emt 0:00:33]} b6 {[%emt 0:00:24]} 44. cxb6 {[%emt 0:00:44]} Kxd6 {[%emt 0:00:15]} 45. Rc6+ {[%emt 0:00:04]} Ke5 {[%emt 0:00:25]} 46. Rc5+ {[%emt 0:01:24]} Kd6 {[%emt 0:01:08]} 47. Rc6+ {[%emt 0:00:21]} Kd5 {[%emt 0:00:09]} 48. Rxg6 {[%emt 0:01:24]} Ke5 {[%emt 0:00:15]} 49. b7 {[%emt 0:02:23]} f4+ {[%emt 0:01:24]} 50. Ke2 {[%emt 0:03:25]} Rf8 {[%emt 0:00:31]} 51. Rg5+ {[%emt 0:00:00]} Kd4 {[%emt 0:00:00]} 52. Rf5 {[%emt 0:00:00]} f3+ {[%emt 0:00:00]} 53. Kf2 {[%emt 0:00:00]} e3+ {[%emt 0:00:00]} 54. Kf1 {[%emt 0:00:00]} e2+ {[%emt 0:00:00]} 55. Kf2 {[%emt 0:00:00]} Re8 {[%emt 0:00:00]} 56. Ke1 {[%emt 0:00:00]} Ke3 {[%emt 0:00:00]} 57. Rf7 {[%emt 0:00:00]} Rd8 {[%emt 0:00:00]} 58. Re7+ {[%emt 0:00:00]} Kd3 {[%emt 0:00:00]} 59. Rf7 {[%emt 0:00:00]} Ke3 {[%emt 0:00:00]} 60. Re7+ {[%emt 0:00:00]} Kf4 {[%emt 0:00:00]} 61. Rd7 {[%emt 0:00:00]} Rg8 {[%emt 0:00:00]} 62. Rf7+ {[%emt 0:00:00]} Ke3 {[%emt 0:00:00]} 63. Re7+ {[%emt 0:00:00]} Kd3 {[%emt 0:00:00]} 64. Kf2 {[%emt 0:00:00]} Rf8 {[%emt 0:00:00]} 65. Rd7+ {[%emt 0:00:00]} Kc4 {[%emt 0:00:00]} 66. Re7 {[%emt 0:00:27]} Kd3 {[%emt 0:00:00]} 67. Rd7+ {[%emt 0:00:17]} Ke4 {[%emt 0:00:00]} 1/2-1/2

[Event "22nd Hoogeveen Open 2018"]
[Site "Hoogeveen"]
[Date "2018.10.23"]
[Round "5"]
[White "Achuthan, Dylan"]
[Black "Emans, Job"]
[Result "0-1"]
[WhiteElo "1751"]
[BlackElo "1927"]
[Annotator "NA"]
[PlyCount "64"]
[EventDate "2018.10.20"]
[EventType "swiss"]
[EventCountry "NED"]
[SourceTitle "playchess.com"]
[Source "ChessBase"]
[SourceQuality "1"]
[TimeControl "40/5400+30:1800+30"]

1. e4 {[%emt 0:00:00]} e6 {[%emt 0:00:00]} 2. d4 {[%emt 0:00:00]} d5 {[%emt 0:00:00]} 3. Nc3 {[%emt 0:00:04]} Nf6 {[%emt 0:00:00]} 4. Bg5 {[%emt 0:00:12]} Be7 {[%emt 0:00:03]} 5. e5 {[%emt 0:00:17]} Nfd7 {[%emt 0:00:06]} 6. h4 {[%emt 0:00:43]} a6 {[%emt 0:01:53]} 7. Qg4 {[%emt 0:03:07]} h5 {[%emt 0:01:53]} 8. Qg3 {[%emt 0:07:39]} g6 {[%emt 0:00:58] LiveBook: 7 Games} 9. O-O-O {[%emt 0:02:19]} c5 {[%emt 0:00:49]} 10. dxc5 {[%emt 0:07:43]} Nxc5 {[%emt 0:04:36]} 11. Nh3 {[%emt 0:12:34]} Nc6 {[%emt 0:05:47]} 12. f3 {[%emt 0:05:35]} b5 {[%emt 0:03:26]} 13. Nf2 {[%emt 0:01:44]} Qc7 {[%emt 0:10:00]} 14. Bxe7 $15 {[%emt 0:02:49]} Qxe7 {[%emt 0:02:58]} 15. Nd3 {[%emt 0:06:02]} Bb7 {[%emt 0:07:25]} 16. Be2 {[%emt 0:11:03]} Rc8 {[%emt 0:02:26]} 17. Nf4 {[%emt 0:14:34]} d4 {[%emt 0:05:00]} 18. Nb1 {[%emt 0:04:52]} Nb4 {[%emt 0:04:19]} 19. Na3 {[%emt 0:06:33]} Nxa2+ {[%emt 0:15:23]} 20. Kb1 {[%emt 0:00:08]} Nc3+ {[%emt 0:02:30]} 21. Ka1 {[%emt 0:00:42]} Nxd1 {[%emt 0:00:38]} 22. Rxd1 {[%emt 0:00:02]} d3 {[%emt 0:01:22]} 23. Bxd3 {[%emt 0:01:31]} Nxd3 {[%emt 0:00:24]} 24. Rxd3 {[%emt 0:03:08]} Bd5 {[%emt 0:04:39]} 25. Rxd5 {[%emt 0:07:13]} exd5 {[%emt 0:00:05]} 26. Nxd5 {[%emt 0:00:07]} Qd8 {[%emt 0:00:24]} 27. Nf6+ {[%emt 0:00:49]} Kf8 {[%emt 0:00:06]} 28. Qf4 {[%emt 0:00:51]} Kg7 {[%emt 0:01:12]} 29. Ne4 {[%emt 0:00:35]} Qe7 {[%emt 0:02:14]} 30. Qg3 {[%emt 0:00:47]} b4 {[%emt 0:00:25]} 31. Nd6 {[%emt 0:00:30]} Qd7 {[%emt 0:00:33]} 32. Nxc8 {[%emt 0:00:47]} Rxc8 {[%emt 0:00:03]} 0-1

[Event "22nd Hoogeveen Open 2018"]
[Site "Hoogeveen"]
[Date "2018.10.23"]
[Round "5"]
[White "Boghossian, Wahe"]
[Black "Van de Pavoordt, Max"]
[Result "1/2-1/2"]
[WhiteElo "1748"]
[BlackElo "2034"]
[Annotator "NA"]
[PlyCount "89"]
[EventDate "2018.10.20"]
[EventType "swiss"]
[EventCountry "NED"]
[SourceTitle "playchess.com"]
[Source "ChessBase"]
[SourceQuality "1"]
[TimeControl "40/5400+30:1800+30"]

1. e4 {[%emt 0:00:00]} e6 {[%emt 0:00:00]} 2. d4 {[%emt 0:00:00]} d5 {[%emt 0:00:00]} 3. e5 {[%emt 0:00:01]} c5 {[%emt 0:00:00]} 4. c3 {[%emt 0:00:06]} Nc6 {[%emt 0:00:00]} 5. Nf3 {[%emt 0:00:06]} Qb6 {[%emt 0:00:22]} 6. Na3 {[%emt 0:09:50]} Bd7 {[%emt 0:05:35]} 7. Nc2 {[%emt 0:01:51] LiveBook: 14 Games} Rc8 $11 {[%emt 0:01:12]} 8. a3 {[%emt 0:14:46]} cxd4 {[%emt 0:01:54]} 9. Ncxd4 {[%emt 0:07:01]} Nxd4 {[%emt 0:01:04]} 10. Nxd4 {[%emt 0:05:32]} Ne7 {[%emt 0:01:45]} 11. Qb3 {[%emt 0:20:27]} Qxb3 {[%emt 0:03:40]} 12. Nxb3 {[%emt 0:00:02]} Ba4 {[%emt 0:02:36]} 13. Nd4 {[%emt 0:01:26]} Nc6 {[%emt 0:01:23]} 14. Nxc6 {[%emt 0:00:47]} bxc6 {[%emt 0:00:24]} 15. Be3 {[%emt 0:03:51]} Bb3 {[%emt 0:08:32]} 16. Bxa7 {[%emt 0:04:44]} c5 {[%emt 0:02:38]} 17. a4 {[%emt 0:00:39]} Ra8 {[%emt 0:01:51]} 18. Bb6 {[%emt 0:00:21]} c4 {[%emt 0:00:40]} 19. a5 {[%emt 0:00:22]} Kd7 {[%emt 0:00:26]} 20. Be2 {[%emt 0:00:30]} Be7 {[%emt 0:01:03]} 21. Bd4 {[%emt 0:02:32]} Ra6 {[%emt 0:00:47]} 22. O-O {[%emt 0:00:24]} Rha8 {[%emt 0:00:49]} 23. f4 {[%emt 0:04:07]} g6 {[%emt 0:01:55]} 24. g4 {[%emt 0:00:40]} Rxa5 {[%emt 0:01:09]} 25. Rxa5 {[%emt 0:01:55]} Rxa5 {[%emt 0:00:02]} 26. Bd1 {[%emt 0:01:45]} Bxd1 {[%emt 0:01:28]} 27. Rxd1 {[%emt 0:00:02]} Rb5 {[%emt 0:00:12]} 28. Rd2 {[%emt 0:00:44]} Kc6 {[%emt 0:00:55]} 29. Kf2 {[%emt 0:02:27]} Ra5 {[%emt 0:00:06]} 30. Ke2 {[%emt 0:02:31]} Ra1 {[%emt 0:01:01]} 31. Rd1 {[%emt 0:00:55]} Ra2 {[%emt 0:00:04]} 32. Rd2 {[%emt 0:00:18]} Kb5 {[%emt 0:00:19]} 33. Kd1 {[%emt 0:01:55]} Ka4 {[%emt 0:00:06]} 34. f5 {[%emt 0:03:46]} gxf5 {[%emt 0:01:22]} 35. gxf5 {[%emt 0:00:10]} Kb3 {[%emt 0:01:02]} 36. fxe6 {[%emt 0:01:16]} fxe6 {[%emt 0:02:06]} 37. Rg2 {[%emt 0:00:55]} Ra1+ {[%emt 0:02:02]} 38. Kd2 {[%emt 0:01:03]} h6 {[%emt 0:01:25]} 39. Rg6 {[%emt 0:03:34]} Bg5+ {[%emt 0:00:05]} 40. Ke2 {[%emt 0:00:23]} Ra6 {[%emt 0:01:03]} 41. h4 {[%emt 0:30:59]} Bxh4 {[%emt 0:30:42]} 42. Rxh6 {[%emt 0:00:13]} Bg3 {[%emt 0:00:45]} 43. Kf3 {[%emt 0:00:00]} Be1 {[%emt 0:00:00]} 44. Ke2 {[%emt 0:00:00]} Bg3 {[%emt 0:00:00]} 45. Kf3 {[%emt 0:00:00]} 1/2-1/2

[Event "22nd Hoogeveen Open 2018"]
[Site "Hoogeveen"]
[Date "2018.10.24"]
[Round "6"]
[White "Guseinov, Gadir"]
[Black "Pruijssers, Roeland"]
[Result "1/2-1/2"]
[WhiteElo "2667"]
[BlackElo "2501"]
[Annotator "TA"]
[PlyCount "104"]
[EventDate "2018.10.20"]
[EventType "swiss"]
[EventCountry "NED"]
[SourceTitle "playchess.com"]
[Source "ChessBase"]
[SourceQuality "1"]

{[%evp 23,104,25,28,26,29,24,39,16,21,22,30,20,15,13,14,8,11,11,10,10,11,18,18,21,38,37,45,31,40,28,28,18,20,16,30,27,164,164,162,149,150,150,143,134,493,493,493,493,487,479,427,413,408,325,306,0,277,116,116,91,91,91,91,91,91,91,91,91,91,88,89,8,8,8,8,8,8,8,8,0,8,8,8]} 1. e4 c5 2. Nc3 e6 3. Nf3 Nc6 4. d4 cxd4 5. Nxd4 Qc7 6. Be3 a6 7. Qd2 Nf6 8. f4 {B48: Sicilian: Taimanov: 5 Nc3 Qc7 6 Be3 a6 without Be2} Bb4 9. Bd3 Na5 10. a3 Bxc3 11. Qxc3 Qxc3+ 12. bxc3 d5 {LiveBook: 67 Games} 13. exd5 exd5 14. Nb3 Nc4 15. Bd4 Ne4 {[#]} 16. Nc5 $146 Ncd6 17. Bxg7 Rg8 18. Be5 {Threatening 0-0-0.} Nxc5 19. Bxh7 Rxg2 {And now ...Nce4 would win.} 20. Bxd6 Ne4 21. Bxe4 $1 dxe4 22. O-O-O Bg4 23. Rhg1 Rxg1 24. Rxg1 $11 {[%mdl 4096] Endgame KRB-KRB} Kd7 25. Be5 Bf3 26. Kd2 Ke6 27. Ke3 Rd8 28. Rb1 b5 29. c4 Rd1 (29... Rc8 $11 {and Black is okay.}) 30. Rxd1 $18 Bxd1 31. cxb5 axb5 {[#] KB-KB} 32. c4 $1 ({Don't take} 32. Kxe4 $6 Bxc2+ 33. Kd4 Kf5 $14) 32... bxc4 33. Kxe4 f6 $2 {[%mdl 8192]} (33... Bb3 $16 34. f5+ Ke7) 34. Bc3 Bc2+ 35. Kd4 Kf5 36. Bd2 Bb3 37. h3 Kg6 38. Kc3 Kf5 39. Kd4 Kg6 $1 {[#]} 40. Bc1 (40. Kc5 $1 $18 {and the rest is easy.}) 40... Kh5 $16 41. Kc5 Kh4 42. Kb4 Kxh3 43. a4 {[%cal Ba3a4,Ba4a5,Ba5a6][%mdl 32]} Kg4 44. a5 Kf5 45. a6 {a7 is the strong threat.} Bd1 46. Kc5 Bf3 47. Kd6 (47. a7 $16) 47... Ke4 $1 $11 {The position is equal.} 48. a7 Kd4 49. f5 {aiming for Bb2+.} c3 $1 50. Ba3 Kc4 $1 51. Bc1 Kb5 52. Ke6 Ka6 {Precision: White = 68%, Black = 63%.} 1/2-1/2

[Event "22nd Hoogeveen Open 2018"]
[Site "Hoogeveen"]
[Date "2018.10.24"]
[Round "6"]
[White "Van Den Doel, Erik"]
[Black "Romanov, Evgeny"]
[Result "1-0"]
[WhiteElo "2607"]
[BlackElo "2614"]
[Annotator "TA"]
[PlyCount "119"]
[EventDate "2018.10.20"]
[EventType "swiss"]
[EventCountry "NED"]
[SourceTitle "playchess.com"]
[Source "ChessBase"]
[SourceQuality "1"]

{[%evp 10,119,36,19,46,18,20,0,0,11,22,16,21,10,20,23,27,30,11,8,33,30,115,118,143,125,121,126,128,125,222,231,341,335,334,338,331,329,421,412,412,411,389,247,257,277,479,475,458,455,423,328,328,325,325,311,325,325,325,325,362,390,379,380,431,420,578,403,398,403,401,400,491,428,608,595,1012,995,1007,1006,992,992,992,992,939,954,845,778,889,781,836,653,1512,1483,1250,1200,29969,29972,29946,29969,29976,29977,29982,29983,29983,29984,29984,29985,29985,29986,29986,29987]} 1. e4 c5 2. Nf3 a6 3. c3 d5 4. exd5 Qxd5 5. d4 e6 6. Be3 {LiveBook: 52 Partien} Nd7 {B28: Sizilianisch (Frühes a7-a6)} (6... cxd4 7. cxd4 Nf6 8. Nc3 Qd6 9. Bc4 b5 10. Bb3 Bb7 11. h3 Be7 12. O-O Nbd7 13. Qe2 O-O 14. Rfd1 Nb6 15. Rac1 Rac8 16. Ne5 Nbd5 17. Nxd5 Nxd5 {½-½ (33) Bivol,A (2356)-Vasilevich,T (2360) Sochi 2017}) 7. Nbd2 Ngf6 8. Bc4 Qc6 $146 {Die Stellung ist ausgeglichen.} ({Vorgänger:} 8... Qd6 9. O-O Be7 10. Bb3 Ng4 11. Ne4 Nxe3 12. Nxd6+ {1-0 (12) Fernandez,N (1814)-Gomez Morales,J (1729) Guatape 2016}) 9. O-O b6 10. Re1 Bb7 11. Bf1 $36 {[%mdl 2048] Weiss hat gut koordiniertes Spiel.} Be7 12. Ne5 Nxe5 13. dxe5 Nd5 14. Nc4 O-O-O 15. Qh5 f5 (15... Nxe3 $11 {bleibt in der Remisbreite.} 16. Nxe3 g6) 16. Bg5 $1 $16 g6 17. Qh4 Bxg5 18. Qxg5 h6 19. Qg3 ({Lieber nicht} 19. Qxg6 Nf4 $17) 19... g5 (19... Kb8 $16) 20. Nd6+ $18 Rxd6 (20... Kb8 $142 21. Nf7 Qc7 22. Nxh8 Rxh8) 21. exd6 Nf4 22. Rad1 Rd8 23. h4 Kb8 24. hxg5 hxg5 25. d7 Ka7 26. f3 Rxd7 27. Qxg5 Rxd1 $2 (27... Nd5 {ist wohl besser.} 28. Qh6 Nc7) 28. Rxd1 Qc7 29. Qd8 Qe5 {beabsichtigt ...Sh3+.} 30. Qd2 Nd5 31. Re1 Qf6 32. Bc4 Qh4 {[#]} 33. Bxd5 $1 Bxd5 {[%mdl 4096] Endspiel KDT-KDL} 34. b3 {[%cal Bb2b3,Bb3b4][%mdl 32]} c4 35. b4 Kb7 36. a4 Kc6 37. Ra1 Kd7 38. Qf2 Qf6 39. Qd4 Qxd4+ 40. cxd4 {KT-KL} f4 41. Kf2 Kd6 (41... c3 $142 42. Ra3 c2) 42. a5 b5 43. Re1 c3 44. Ke2 Bc4+ 45. Kd1 Bd3 46. Re5 Bf1 47. Rg5 Bd3 48. Rc5 c2+ 49. Kd2 Bf5 50. Re5 Kc6 {[#]} 51. Re4 $1 {[%mdl 512]} Kd5 (51... Bxe4 52. fxe4) 52. Rxf4 Kc4 {[#]} 53. Rxf5 $1 {Weiß setzt Matt.} exf5 {KB-KB} 54. g4 fxg4 55. fxg4 Kb3 {[#]} 56. Kc1 $1 Kxb4 57. Kxc2 Kc4 58. g5 {[%cal Bg4g5,Bg5g6][%mdl 32]} Kd5 59. g6 Ke6 {[#]} 60. d5+ $1 {[%mdl 512] Precision: Weiß = 82%, Schwarz = 37%.} 1-0

[Event "22nd Hoogeveen Open 2018"]
[Site "Hoogeveen"]
[Date "2018.10.24"]
[Round "6"]
[White "Kryakvin, Dmitry"]
[Black "Amin, Bassem"]
[Result "1/2-1/2"]
[WhiteElo "2595"]
[BlackElo "2686"]
[Annotator "TA"]
[PlyCount "68"]
[EventDate "2018.10.20"]
[EventType "swiss"]
[EventCountry "NED"]
[SourceTitle "playchess.com"]
[Source "ChessBase"]
[SourceQuality "1"]

{[%evp 25,68,0,0,0,0,0,0,0,0,0,0,-8,14,0,15,0,18,20,59,58,56,62,92,105,104,113,112,68,68,70,81,33,41,39,37,41,38,39,40,39,33,33,45,0,29]} 1. d4 Nf6 2. c4 g6 3. Nc3 Bg7 4. e4 d6 5. Nf3 O-O 6. Be2 e5 7. d5 a5 8. Bg5 h6 9. Be3 Ng4 {E92: King's Indian: Classical: 6 Be2 e5: 7 dxe5, 7 Be3 and Petrosian System without 7...Nbd7} 10. Bd2 f5 11. exf5 gxf5 12. h3 Nf6 13. Qc1 (13. g3 Na6 14. Qc1 Kh7 15. Nh4 Nc5 16. Be3 Nfe4 17. Nxe4 Nxe4 {½-½ (42) Korobov,A (2678)-Kovalev,V (2650) Poikovsky 2018}) 13... f4 {LiveBook: 37 Games} 14. g3 e4 $1 {[%cal Re4f3]} 15. Nh4 {[%cal Bf3h4,Bh4g6,Bg6f4,Bf4h5][%mdl 32]} e3 $1 {[%cal Re3f2]} 16. fxe3 fxg3 {[#] Strongly threatening ...Ne4!} 17. Ng6 Re8 $146 18. Nf4 Bf5 19. O-O Na6 20. Rf3 $36 {[%mdl 2048] White has good play.} Nc5 21. Nh5 Be4 22. Nxe4 ({Avoid the trap} 22. Rxg3 $2 Nxh5 23. Bxh5 Qh4 $19) 22... Nfxe4 23. Nxg7 Kxg7 24. Bc3+ Nxc3 25. Qxc3+ Re5 26. Rxg3+ Kh8 27. Qd4 {Rg6 is the strong threat.} Qe7 28. Qf4 Rg5 29. Rxg5 Qxg5+ 30. Qxg5 hxg5 $14 {KRB-KRN} 31. Rf1 Kg7 32. Rf5 Kg6 33. Rf3 Kg7 34. Rf5 Kg6 {Precision: White = 81%, Black = 57%.} 1/2-1/2